The global environment : (Record no. 16376)
[ view plain ]
| 000 -LEADER | |
|---|---|
| fixed length control field | 02594cam a2200289 a 4500 |
| 001 - CONTROL NUMBER | |
| control field | 15945928 |
| 005 - DATE AND TIME OF LATEST TRANSACTION | |
| control field | 20100831125919.0 |
| 008 - FIXED-LENGTH DATA ELEMENTS--GENERAL INFORMATION | |
| fixed length control field | 091015s2011 dcu b 001 0 eng |
| 020 ## - INTERNATIONAL STANDARD BOOK NUMBER | |
| International Standard Book Number | 9780872899667 (alk. paper) |
| 040 ## - CATALOGING SOURCE | |
| Original cataloging agency | DLC |
| Transcribing agency | DLC |
| 082 00 - DEWEY DECIMAL CLASSIFICATION NUMBER | |
| Classification number | 344.046 |
| Edition number | 22 |
| Item number | GLO |
| 245 04 - TITLE STATEMENT | |
| Title | The global environment : |
| Remainder of title | institutions, law, and policy / |
| Statement of responsibility, etc | edited by Regina S. Axelrod, Stacy D. VanDeveer, David Leonard Downie. |
| 250 ## - EDITION STATEMENT | |
| Edition statement | 3rd ed. |
| 260 ## - PUBLICATION, DISTRIBUTION, ETC. (IMPRINT) | |
| Place of publication, distribution, etc | Washington, DC : |
| Name of publisher, distributor, etc | CQ Press, |
| Date of publication, distribution, etc | c2011. |
| 300 ## - PHYSICAL DESCRIPTION | |
| Extent | xxii, 378 p. ; |
| Dimensions | 23 cm. |
| 504 ## - BIBLIOGRAPHY, ETC. NOTE | |
| Bibliography, etc | Includes bibliographical references and index. |
| 505 0# - FORMATTED CONTENTS NOTE | |
| Formatted contents note | Introduction: governing the international environment / Regina Axelrod, Stacy D. VanDeveer and Norman J. Vig -- Global institutions and the environment : an evolutionary perspective / Marvin S. Soroos -- Environmental protection in the twenty-first century : the role of international law / Jacqueline Peel -- Global environmental policy : governance through regimes / David Leonard Downie -- The role of environmental NGOs in international regimes / John McCormick -- International climate change policy : towards the multilevel governance of global warming / Michele M. Betsill -- Global politics and policy of hazardous chemicals / Henrik Selin -- Economic integration and environmental protection / Daniel C. Esty -- Compliance with global environmental policy / Michael Faure and J�urgen Lefevere -- The United States and global environmental politics : domestic sources of U.S. unilateralism / Elizabeth R. DeSombre -- Environmental policy-making in the European Union system -- The view from the south : developing countries in global environmental politics / Adil Najam -- Energy and environment in China : achievements and enduring challenges / Joanna I. Lewis and Kelly Sims Gallagher -- Democracy and nuclear power : the Czech case and the global nuclear renaissance / Regina S. Axelrod -- Consumption, commodity chains, and the global environment / Stacy D. VanDeveer. |
| 650 #0 - SUBJECT ADDED ENTRY--TOPICAL TERM | |
| Topical term or geographic name as entry element | Environmental law, International. |
| 9 (RLIN) | 28567 |
| 650 #0 - SUBJECT ADDED ENTRY--TOPICAL TERM | |
| Topical term or geographic name as entry element | Environmental policy. |
| 9 (RLIN) | 28568 |
| 653 ## - INDEX TERM--UNCONTROLLED | |
| Resource For college | |
| Arrived date list | February2012 |
| 700 1# - ADDED ENTRY--PERSONAL NAME | |
| Personal name | Axelrod, Regina S. |
| 9 (RLIN) | 28569 |
| 700 1# - ADDED ENTRY--PERSONAL NAME | |
| Personal name | VanDeveer, Stacy D. |
| 9 (RLIN) | 28570 |
| 700 1# - ADDED ENTRY--PERSONAL NAME | |
| Personal name | Downie, David Leonard. |
| 9 (RLIN) | 28571 |
| 942 ## - ADDED ENTRY ELEMENTS (KOHA) | |
| Source of classification or shelving scheme | Dewey Decimal Classification |
| Item type | |
| Withdrawn status | Item status | Source of classification or shelving scheme | Damaged status | Not for loan | Vendor | Home library | Current library | Shelving location | Date acquired | Source of acquisition | Cost, normal purchase price | Serial Enumeration / chronology | Total Checkouts | Total Renewals | Full call number | Barcode | Checked out | Date last seen | Date last borrowed | Koha item type |
|---|---|---|---|---|---|---|---|---|---|---|---|---|---|---|---|---|---|---|---|---|
| Dewey Decimal Classification | Baccah | Central Library | Central Library | First floor | 01/02/2012 | 354.00 | 13955 | 3 | 72 | 344.046 GLO | 000025969 | 17/05/2026 | 04/05/2026 | 04/05/2026 | Book - Borrowing |